China A-Z - Statistics

General Stats
  • This quiz has been taken 59 times
  • The average score is 14 of 26
Answer Stats
Hint Answer % Correct
B Capital of China Beijing
96%
L Capital of the region of Tibet Lhasa
90%
Y Longest River in China Yangtze
90%
J Country that invaded Manchuria in 1931 Japan
87%
E Sea that borders Shanghai East China Sea
85%
H Largest Island in China Hainan
83%
F Imperial Palace located in Beijing Forbidden City
81%
R One of China's Principal Crops Rice
81%
X City home to the Terracotta Army Xian
79%
W The Yangtze and Han rivers go through this city Wuhan
77%
P Guangzhou is on this River Delta Pearl
71%
N Country separated from China by the Talu River North Korea
67%
G Event that Mao Zedong started that killed 45 Million Great Leap Forward
58%
C Creator of the Analects Confucius
56%
I Desert Region of North Central China Inner Mongolia
46%
Z Capital of the Henan Province Zhengzhou
46%
D City home to Tiger Beach Dalian
44%
U These were invented in China to provide shade Umbrellas
40%
Q The Last Dynasty of China Qing Dynasty
35%
S Tallest Building in China Shanghai Tower
35%
M Empire that conquered China in the 13th Century Mongol Empire
29%
A Zhang Heng was a Chinese one of these Astronomer
13%
T Desert in western China Taklamakan Desert
10%
K Mountain Range between China and Pakistan Karakoram
8%
O Questions written onto bones Oracle Bones
6%
V Trimeresurus stejneger is a type of this found in China Viper
2%
No matching quizzes found
Score Distribution
Percent of People with Each Score
Percentile by Number Answered
Your Score History
You have not taken this quiz